000 00370nam a2200145 i 4500
001 bg
100 1 _aMROWEC, S.
245 0 _aCeramika :
_bbadania struktury defektów i dyfuzji... /
_cS. Mrowiec, A. Stokłosa.
260 _aWarszawa,
_c1973.
700 1 _aSTOKŁOSA, A.
040 _cBPK
041 _apol
942 _cKS
008 s pl f |000 0 pol
999 _c23225
_d23225
856 _uhttp://koha.tu.koszalin.pl/cgi-bin/koha/opac-detail.pl?biblionumber=23225
_yKatalog online BPK